000 00841nam a22002415i 4500
001 175073
003 ES-MaACL
005 20250901090418.0
008 101004s1949 sp |||| | spa d
080 _a544.58
080 _a539.183.2
100 0 _aAstudillo, María D.
_923697
245 1 0 _aIniciación sobre isotopía y radioquímica /
_cpor Mª D. Astudillo.
260 _a[Madrid] :
_bInstituto Antonio de G. Rocasolano de Química Física,
_c1949.
300 _aVII, 167 p. ;
_c26 cm.
490 1 _aMonografías de ciencia moderna ;
_v18
650 1 7 _aRadioquímica
_2embne
_9143433
650 1 4 _aIsótopos.
_9143434
710 2 _aInstituto de Química Física "Rocasolano"
_94996
830 0 _aMonografías de ciencia moderna
_v18
_9189470
852 _aES-MaACL
_jE-13284
_xOlim P-555 bis
999 _c175073
_d175073